| 000 | 00353nam a22001577a 4500 | ||
|---|---|---|---|
| 003 | SGT | ||
| 020 | _a978-8122-4-1371-7 | ||
| 082 | _a746.92,SUM | ||
| 100 | _aSUMATHI,G.J | ||
| 245 | _aELEMENTS OF FASHION & APPAREL DESIGN | ||
| 250 | _a1ST | ||
| 260 |
_aDELHI _bNEW AGE INTERNATIONAL _c2015 |
||
| 300 | _a217 | ||
| 650 | _aFASHION | ||
| 942 |
_2ddc _cBK _01 |
||
| 999 |
_c9919 _d9919 |
||